[Event "Futurity III"]
[Site "Montreal CAN"]
[Date "2003.04.21"]
[Round "5"]
[White "Roussel-Roozmon, Thomas"]
[Black "Rousseau, Daniel"]
[Result "1-0"]
[WhiteElo "2247"]
[BlackElo "2065"]
[PlyCount "77"]
[EventDate "2003.04.16"]
[EventType "tourn"]
[EventRounds "9"]
[EventCountry "CAN"]

1. d4 Nf6 2. c4 g6 3. Nc3 Bg7 4. e4 O-O 5. Be3 d6 6. f3 Nc6 7. Nge2 a6 8. Qd2
Rb8 9. Rc1 e5 10. d5 Ne7 11. c5 Ne8 12. Nd1 f5 13. Nec3 f4 14. Bf2 g5 15. h3
Ng6 16. b4 h5 17. Nb2 Rf7 18. b5 axb5 19. Bxb5 Nf6 20. cxd6 cxd6 21. Nca4 Nd7
22. Qb4 Bf8 23. Nc4 g4 24. hxg4 hxg4 25. Ncb6 g3 26. Bg1 Nf6 27. Qc4 Bg4 28.
fxg4 Nxg4 29. Qc2 Nh4 30. Bd7 Ne3 31. Bxe3 fxe3 32. Be6 Qg5 33. Qe2 Bg7 34. Rc7
Rbf8 35. Nc4 Qf6 36. Rxf7 Rxf7 37. Rf1 Qf2+ 38. Rxf2 exf2+ 39. Kf1 1-0

[Event "Futurity III"]
[Site "Montreal CAN"]
[Date "2003.04.22"]
[Round "6"]
[White "Lawson, Eric"]
[Black "Roussel-Roozmon, Thomas"]
[Result "1-0"]
[WhiteElo "2249"]
[BlackElo "2247"]
[PlyCount "71"]
[EventDate "2003.04.16"]
[EventType "tourn"]
[EventRounds "9"]
[EventCountry "CAN"]

1. d4 c5 2. d5 e5 3. e4 d6 4. Nc3 a6 5. a4 Be7 6. Nf3 Bg4 7. b3 Nd7 8. Be2 Bxf3
9. Bxf3 Bg5 10. Bb2 g6 11. O-O Ne7 12. Nb1 O-O 13. a5 f5 14. Nd2 Nf6 15. exf5
gxf5 16. c4 Ng6 17. g3 Qe7 18. Bg2 Rae8 19. Qe2 e4 20. Rae1 Qc7 21. Bc3 e3 22.
fxe3 Rxe3 23. Qxe3 Bxe3+ 24. Rxe3 Ng4 25. Re6 N6e5 26. Nf3 b5 27. axb6 Nxf3+
28. Bxf3 Qxb6 29. Bd1 Qc7 30. Bc2 Qd8 31. Rf4 Ne5 32. Bxf5 Qg5 33. Rxe5 dxe5
34. Be6+ Kg7 35. Rg4 Qxg4 36. Bxe5+ 1-0

[Event "Futurity III"]
[Site "Montreal CAN"]
[Date "2003.04.24"]
[Round "8"]
[White "Gilman, Arkadiy"]
[Black "Roussel-Roozmon, Thomas"]
[Result "1/2-1/2"]
[WhiteElo "2202"]
[BlackElo "2247"]
[PlyCount "70"]
[EventDate "2003.04.16"]
[EventType "tourn"]
[EventRounds "9"]
[EventCountry "CAN"]

1. d4 Nf6 2. c4 e6 3. Nc3 Bb4 4. e3 b6 5. Bd3 Bb7 6. Nf3 Ne4 7. Qc2 f5 8. O-O
Bxc3 9. bxc3 O-O 10. Ne1 c5 11. f3 Nd6 12. Qe2 Na6 13. Nc2 Qf6 14. Bd2 e5 15.
e4 f4 16. Na3 Nf7 17. d5 Nb8 18. Nb5 Rc8 19. a4 d6 20. Rfb1 a5 21. g4 h5 22.
Qg2 Ba6 23. Be1 Bxb5 24. Rxb5 Nd7 25. h4 Rcb8 26. g5 Qd8 27. Qh3 Nf8 28. Bf1 g6
29. Qh2 Rb7 30. Rab1 Rab8 31. Bh3 Qe7 32. Kf1 Kg7 33. R1b2 Kg8 34. Ke2 Kg7 35.
Kd3 Kg8 1/2-1/2

[Event "Futurity III"]
[Site "Montreal CAN"]
[Date "2003.04.25"]
[Round "9"]
[White "Roussel-Roozmon, Thomas"]
[Black "Duong, Thanh Nha"]
[Result "1/2-1/2"]
[WhiteElo "2247"]
[BlackElo "2371"]
[PlyCount "130"]
[EventDate "2003.04.16"]
[EventType "tourn"]
[EventRounds "9"]
[EventCountry "CAN"]

1. d4 d5 2. c4 e6 3. Nf3 Nf6 4. g3 Bb4+ 5. Bd2 Be7 6. Bg2 O-O 7. O-O dxc4 8.
Qc2 a6 9. Qxc4 Bd7 10. Nc3 Bc6 11. Bg5 b5 12. Qd3 Nbd7 13. a3 Rb8 14. Rfc1 Bxf3
15. Qxf3 Nb6 16. Bxf6 Bxf6 17. e3 Be7 18. a4 Nxa4 19. Nxa4 bxa4 20. Rxa4 Rxb2
21. Rxa6 Bd6 22. Qe4 Qf6 23. Bf3 g6 24. Kg2 Kg7 25. h4 Rfb8 26. Ra5 Rd2 27. Rc2
Rxc2 28. Qxc2 e5 29. dxe5 Bxe5 30. Qe4 Bd6 31. Ra8 Rb2 32. Qe8 Kh6 33. Qh8 Qxh8
34. Rxh8 Rc2 35. Bd5 Bb4 36. Ra8 Kg7 37. Kf3 f5 38. Ra2 Rc5 39. Bb3 Rc3 40. Bd5
Kf6 41. Ra6+ Bd6 42. Ra8 Rc2 43. Ra2 Rc5 44. Bb3 Rc3 45. Bd5 Ba3 46. Rd2 h6 47.
Rd4 Bd6 48. Rc4 Rd3 49. Rd4 Ra3 50. g4 c5 51. Rc4 Rd3 52. Bc6 Rd2 53. gxf5 gxf5
54. Ra4 Bh2 55. Bb5 Bd6 56. Ra7 Rb2 57. Bc4 Be5 58. Rf7+ Kg6 59. h5+ Kg5 60.
Bd3 Bf6 61. Kg3 Rb3 62. f4+ Kxh5 63. Rxf6 Rxd3 64. Rxf5+ Kg6 65. Rxc5 Rxe3+
1/2-1/2

[Event "Laval XX"]
[Site "Laval CAN"]
[Date "2003.04.11"]
[Round "1"]
[White "Roussel-Roozmon, Thomas"]
[Black "Trinh, Tri Bao"]
[Result "1-0"]
[WhiteElo "2320"]
[BlackElo "2001"]
[PlyCount "25"]
[EventDate "2003.04.11"]
[EventType "swiss"]
[EventRounds "5"]
[EventCountry "CAN"]

1. d4 Nf6 2. c4 c5 3. d5 b5 4. cxb5 a6 5. f3 e6 6. e4 axb5 7. Bxb5 Qb6 8. Nc3
c4 9. Bxc4 Bc5 10. Nge2 Ba6 11. Bxa6 Nxa6 12. Rb1 exd5 13. e5 1-0

[Event "Laval XX"]
[Site "Laval CAN"]
[Date "2003.04.12"]
[Round "2"]
[White "Rosen, Matthew"]
[Black "Roussel-Roozmon, Thomas"]
[Result "0-1"]
[WhiteElo "2106"]
[BlackElo "2320"]
[PlyCount "114"]
[EventDate "2003.04.11"]
[EventType "swiss"]
[EventRounds "5"]
[EventCountry "CAN"]

1. e4 c5 2. Nf3 Nc6 3. d4 cxd4 4. Nxd4 e6 5. Nc3 Qc7 6. Nxc6 bxc6 7. Bd3 d5 8.
O-O Nf6 9. Qe2 Be7 10. Bg5 Rb8 11. Rab1 Nxe4 12. Bxe7 Nxc3 13. bxc3 Rxb1 14.
Rxb1 Qxe7 15. Ba6 Qc7 16. h3 O-O 17. Bxc8 Qxc8 18. Qe3 Qa6 19. Qc5 Qxa2 20. Rb7
a5 21. Ra7 a4 22. Qxc6 a3 23. Qa4 Qa1+ 24. Kh2 Qxc3 25. Qxa3 Qxa3 26. Rxa3 Rc8
27. c3 g5 28. f3 h5 29. Kg3 Rc4 30. Rb3 Kg7 31. Kf2 Kf6 32. Ra3 Ke5 33. Ke3 f5
34. Rb3 Ra4 35. Rb2 h4 36. Re2 Ra3 37. Kd3+ Kd6 38. Rb2 Ra6 39. Rf2 Ke5 40.
Re2+ Kf4 41. Rb2 e5 42. Rb5 Rd6 43. Rb4+ Kg3 44. Rb2 e4+ 45. Kd4 exf3 46. gxf3
Rd8 47. Ke5 Rf8 48. Kxd5 Kxh3 49. c4 Kg3 50. c5 h3 51. c6 h2 52. Rb1 Kg2 53.
Rb2+ Kh3 54. Rb1 g4 55. c7 g3 56. Rb8 h1=Q 57. Rxf8 Qxf3+ 0-1

[Event "Laval XX"]
[Site "Laval CAN"]
[Date "2003.04.12"]
[Round "3"]
[White "Roussel-Roozmon, Thomas"]
[Black "Boulay, David"]
[Result "1-0"]
[WhiteElo "2320"]
[BlackElo "2229"]
[PlyCount "44"]
[EventDate "2003.04.11"]
[EventType "swiss"]
[EventRounds "5"]
[EventCountry "CAN"]

1. d4 Nf6 2. c4 g6 3. Nc3 Bg7 4. e4 d6 5. f3 O-O 6. Be3 c5 7. dxc5 dxc5 8. Qxd8
Rxd8 9. Bxc5 Nc6 10. Nd5 Nxd5 11. cxd5 Bxb2 12. Rb1 Bc3+ 13. Kf2 Bd4+ 14. Bxd4
Nxd4 15. Ke3 e5 16. f4 f6 17. fxe5 fxe5 18. Ne2 Nxe2 19. Bxe2 Rb8 20. Rhc1 Kf7
21. Rc7+ Kg8 22. Re7 Bd7 1-0

[Event "Hiver/Winter op"]
[Site "Montreal CAN"]
[Date "2003.02.28"]
[Round "1"]
[White "Ostaci, Liviu"]
[Black "Roussel-Roozmon, Thomas"]
[Result "0-1"]
[WhiteElo "2025"]
[BlackElo "2353"]
[PlyCount "56"]
[EventDate "2003.02.28"]
[EventType "swiss"]
[EventRounds "5"]
[EventCountry "CAN"]

1. e4 c5 2. Nf3 e6 3. d4 cxd4 4. Nxd4 Nc6 5. Nxc6 bxc6 6. Bd3 Nf6 7. O-O d5 8.
e5 Nd7 9. f4 Nc5 10. Kh1 Nxd3 11. Qxd3 Qb6 12. Qg3 a6 13. Re1 g6 14. Nc3 Be7
15. a3 c5 16. b3 h5 17. Bd2 h4 18. Qh3 Rh5 19. Rad1 Bb7 20. Ne2 Rd8 21. b4 d4
22. bxc5 Bxc5 23. Rb1 Qc6 24. Bb4 Bxb4 25. Rxb4 d3 26. Nd4 Rxd4 27. Rxd4 Qc3
28. Qe3 Qxc2 0-1

[Event "Hiver/Winter op"]
[Site "Montreal CAN"]
[Date "2003.03.01"]
[Round "2"]
[White "Roussel-Roozmon, Thomas"]
[Black "Bolduc, Steve"]
[Result "1/2-1/2"]
[WhiteElo "2353"]
[BlackElo "2228"]
[PlyCount "43"]
[EventDate "2003.02.28"]
[EventType "swiss"]
[EventRounds "5"]
[EventCountry "CAN"]

1. d4 Nf6 2. Nf3 c5 3. d5 b5 4. Bg5 d6 5. Bxf6 exf6 6. e4 Qb6 7. Nbd2 Bd7 8. a4
bxa4 9. Nc4 Qc7 10. Bd3 Be7 11. O-O O-O 12. Nfd2 Bb5 13. f4 Nd7 14. Qg4 Bxc4
15. Nxc4 Nb6 16. e5 Nxc4 17. Bxh7+ Kxh7 18. Qh5+ Kg8 19. Rf3 fxe5 20. f5 f6 21.
Rh3 Rfb8 22. Qh8+ 1/2-1/2

[Event "Hiver/Winter op"]
[Site "Montreal CAN"]
[Date "2003.03.01"]
[Round "3"]
[White "Mikanovic, Goran"]
[Black "Roussel-Roozmon, Thomas"]
[Result "1-0"]
[WhiteElo "2350"]
[BlackElo "2353"]
[PlyCount "105"]
[EventDate "2003.02.28"]
[EventType "swiss"]
[EventRounds "5"]
[EventCountry "CAN"]

1. d4 Nf6 2. c4 c5 3. d5 b5 4. cxb5 a6 5. b6 d6 6. Nc3 Nbd7 7. a4 Qxb6 8. Nf3
g6 9. e4 Bg7 10. Be2 O-O 11. O-O Qb4 12. Qc2 Rb8 13. h3 Ne8 14. Nd2 Nc7 15. Ra3
Qb7 16. Nc4 Ne5 17. Ne3 Qa8 18. Kh1 Bb7 19. f4 Nd7 20. Bf3 e6 21. Qd1 exd5 22.
exd5 Rbd8 23. f5 Bd4 24. Ng4 Ne5 25. Nh6+ Kg7 26. Ne2 Bxd5 27. Nxd4 cxd4 28.
Qxd4 Bxf3 29. Raxf3 Qd5 30. Qc3 Rd7 31. Ng4 Ne8 32. Bh6+ Kg8 33. Nxe5 dxe5 34.
Bxf8 Kxf8 35. Re3 Re7 36. fxg6 hxg6 37. Rfe1 f6 38. Qd3 Qxd3 39. Rxd3 e4 40.
Rd4 f5 41. b4 Nc7 42. Rd6 Kf7 43. h4 Ne6 44. a5 Nf4 45. Kg1 e3 46. g3 Nh3+ 47.
Kg2 Nf2 48. Kf3 Ng4 49. Rxa6 Rc7 50. Rxe3 Nxe3 51. Kxe3 Rc3+ 52. Kf2 Rc2+ 53.
Ke1 1-0

[Event "Carnaval 2003"]
[Site "Quebec CAN"]
[Date "2003.02.14"]
[Round "1"]
[White "Cazelais, Marc"]
[Black "Roussel-Roozmon, Thomas"]
[Result "1/2-1/2"]
[WhiteElo "2078"]
[BlackElo "2319"]
[PlyCount "66"]
[EventDate "2003.02.14"]
[EventType "swiss"]
[EventRounds "5"]
[EventCountry "CAN"]

1. e4 c5 2. Nf3 e6 3. d3 Nc6 4. Nbd2 g6 5. g3 Bg7 6. Bg2 Nge7 7. O-O O-O 8. Nh4
d6 9. f4 Rb8 10. a4 a6 11. c3 Qc7 12. Ndf3 b5 13. axb5 axb5 14. Be3 b4 15. d4
bxc3 16. bxc3 cxd4 17. cxd4 Bd7 18. Rc1 Qa5 19. Rf2 Qa3 20. Qd2 Rb3 21. Re2 Rd3
22. Qe1 Nxd4 23. Bxd4 Bxd4+ 24. Nxd4 Rxd4 25. Rd2 Nc6 26. Rcd1 Qc5 27. Kh1 Rb8
28. Nf3 Ra4 29. Rxd6 Be8 30. e5 Ra2 31. R6d2 Rbb2 32. Rxb2 Rxb2 33. Rd2 Rxd2
1/2-1/2

[Event "Carnaval 2003"]
[Site "Quebec CAN"]
[Date "2003.02.15"]
[Round "2"]
[White "Roussel-Roozmon, Thomas"]
[Black "Boudreau, Daniel"]
[Result "1-0"]
[WhiteElo "2319"]
[BlackElo "2053"]
[PlyCount "89"]
[EventDate "2003.02.14"]
[EventType "swiss"]
[EventRounds "5"]
[EventCountry "CAN"]

1. d4 Nf6 2. c4 e6 3. Nc3 Bb4 4. Qc2 O-O 5. a3 Bxc3+ 6. Qxc3 Ne4 7. Qc2 f5 8.
g3 b6 9. Bg2 Bb7 10. Nf3 d6 11. O-O Nd7 12. Ng5 Nxg5 13. Bxb7 Rb8 14. Bc6 f4
15. h4 Nf7 16. Bxf4 e5 17. dxe5 Nfxe5 18. Bxe5 Nxe5 19. Bd5+ Kh8 20. Rad1 a5
21. Rd4 Qd7 22. b3 Rf6 23. e3 Nf3+ 24. Bxf3 Rxf3 25. Re1 Re8 26. Qd1 Rf5 27.
Rd5 Ref8 28. Rxf5 Qxf5 29. Re2 Qc5 30. a4 Qb4 31. Qd3 h6 32. Rd2 Re8 33. Kg2
Re5 34. Re2 c6 35. e4 Qc5 36. Qe3 Qb4 37. f4 Re6 38. f5 Rf6 39. g4 Kg8 40. g5
hxg5 41. hxg5 Rf7 42. g6 Rd7 43. Qh3 Qc5 44. Qh7+ Kf8 45. Qh8+ 1-0

[Event "Carnaval 2003"]
[Site "Quebec CAN"]
[Date "2003.02.15"]
[Round "3"]
[White "Laframboise, Marc-Andre"]
[Black "Roussel-Roozmon, Thomas"]
[Result "0-1"]
[WhiteElo "2127"]
[BlackElo "2319"]
[PlyCount "48"]
[EventDate "2003.02.14"]
[EventType "swiss"]
[EventRounds "5"]
[EventCountry "CAN"]

1. d4 Nf6 2. c4 e6 3. Nc3 Bb4 4. f3 d5 5. a3 Bxc3+ 6. bxc3 c5 7. cxd5 Nxd5 8.
Qd3 cxd4 9. cxd4 Nc6 10. e4 Nb6 11. Be3 O-O 12. Nh3 f5 13. Rd1 fxe4 14. fxe4 e5
15. Bg5 Qe8 16. d5 Nd4 17. Nf2 Bd7 18. Qb1 Rc8 19. Bd3 Qg6 20. Be3 Qxg2 21.
Bxd4 Rxf2 22. Bxf2 Qxh1+ 23. Kd2 Qxh2 24. Rf1 Bh3 0-1

[Event "Carnaval 2003"]
[Site "Quebec CAN"]
[Date "2003.02.16"]
[Round "5"]
[White "Roussel-Roozmon, Thomas"]
[Black "Chabot, Roland"]
[Result "1-0"]
[WhiteElo "2319"]
[BlackElo "2129"]
[PlyCount "91"]
[EventDate "2003.02.14"]
[EventType "swiss"]
[EventRounds "5"]
[EventCountry "CAN"]

1. d4 Nf6 2. c4 d6 3. Nc3 Nbd7 4. e4 e5 5. Nf3 Be7 6. Be2 O-O 7. O-O c6 8. Re1
a6 9. b3 b5 10. Qc2 Bb7 11. Bb2 Re8 12. a3 Bf8 13. Rad1 Qc7 14. Bf1 Rac8 15.
Qb1 Qb8 16. Rd2 exd4 17. Nxd4 bxc4 18. Bxc4 d5 19. exd5 cxd5 20. Rxe8 Rxe8 21.
Bf1 Nc5 22. Qd1 Nce4 23. Rc2 Bd6 24. g3 Be5 25. Nxe4 dxe4 26. Nc6 Bxc6 27. Bxe5
Qxe5 28. Rxc6 e3 29. fxe3 Qxe3+ 30. Kg2 Ne4 31. Qe2 Qd4 32. Rc2 a5 33. Qd3 Qe5
34. Qb5 Qxb5 35. Bxb5 Rb8 36. Bd3 Nf6 37. Rc5 g6 38. Bc4 Ng4 39. Rxa5 Ne3+ 40.
Kf3 Nxc4 41. bxc4 Rb2 42. c5 Rxh2 43. c6 Rc2 44. Ra6 Rc3+ 45. Ke4 Rxg3 46. c7
1-0

[Event "Autumn Knights"]
[Site "Montreal CAN"]
[Date "2002.10.16"]
[Round "1"]
[White "Chabot, Roland"]
[Black "Roussel-Roozmon, Thomas"]
[Result "0-1"]
[WhiteElo "2222"]
[BlackElo "2233"]
[PlyCount "84"]
[EventDate "2002.10.16"]
[EventType "tourn"]
[EventRounds "9"]
[EventCountry "CAN"]

1. d4 Nf6 2. c4 e6 3. Nc3 Bb4 4. e3 c5 5. Nge2 cxd4 6. exd4 O-O 7. a3 Be7 8. d5
exd5 9. cxd5 Re8 10. d6 Bf8 11. g3 b6 12. Bg2 Nc6 13. O-O Ba6 14. Re1 Rc8 15.
Bf4 Nh5 16. Be3 Re6 17. Bxc6 dxc6 18. Nd4 Re5 19. f4 Rxe3 20. Rxe3 Qxd6 21. Ne4
Qg6 22. f5 Qh6 23. Qf3 Nf6 24. Rd1 Ng4 25. Re2 Bxe2 26. Qxe2 Nf6 27. Nf3 Nxe4
28. Qxe4 Qf6 29. Rd7 Rd8 30. Rxd8 Qxd8 31. Qxc6 Qd1+ 32. Kg2 Qe2+ 33. Kh3 Qxb2
34. a4 Qa3 35. Ne5 Qe7 36. Qd5 Qf6 37. g4 g6 38. fxg6 hxg6 39. Kg2 Kg7 40. Nd7
Qd6 41. Qb5 Qd2+ 42. Kh3 Bd6 0-1

[Event "Autumn Knights"]
[Site "Montreal CAN"]
[Date "2002.11.06"]
[Round "4"]
[White "Bolduc, Steve"]
[Black "Roussel-Roozmon, Thomas"]
[Result "0-1"]
[WhiteElo "2212"]
[BlackElo "2233"]
[PlyCount "108"]
[EventDate "2002.10.16"]
[EventType "tourn"]
[EventRounds "9"]
[EventCountry "CAN"]

1. d4 Nf6 2. Nf3 e6 3. c4 b6 4. g3 Bb7 5. Bg2 Be7 6. O-O O-O 7. Nc3 Ne4 8. Qc2
Nxc3 9. Qxc3 f5 10. b3 a5 11. Bb2 Bf6 12. Rad1 d6 13. a3 Nd7 14. b4 Qe7 15. Qb3
Kh8 16. Bc3 axb4 17. axb4 e5 18. d5 b5 19. cxb5 Nb6 20. e4 fxe4 21. Ne1 Qd7 22.
Bxe4 Qxb5 23. Ng2 Bg5 24. f4 exf4 25. Nxf4 Bxf4 26. gxf4 Qc4 27. Qxc4 Nxc4 28.
Rf3 Rae8 29. Rd4 Nb6 30. Rh3 h6 31. Bg6 Re7 32. Rxh6+ gxh6 33. Re4+ Rg7 34. Re7
Rfg8 35. Bd4 Nxd5 36. Rf7 Bc8 37. f5 Nf4 38. Kf1 Nd3 39. Bxg7+ Rxg7 40. Rf8+
Rg8 41. Rf7 Re8 42. Rxc7 Rf8 43. Rh7+ Kg8 44. Rxh6 Nxb4 45. Ke2 Kg7 46. Rh4 Nc6
47. Rh7+ Kf6 48. h4 Nd4+ 49. Kd3 Nxf5 50. h5 Ne7 51. Kd4 Nxg6 52. hxg6 Kxg6 53.
Re7 Kf6 54. Re3 Be6 0-1

[Event "Autumn Knights"]
[Site "Montreal CAN"]
[Date "2002.11.13"]
[Round "5"]
[White "Roussel-Roozmon, Thomas"]
[Black "Khassanov, Marat"]
[Result "0-1"]
[WhiteElo "2233"]
[BlackElo "2366"]
[PlyCount "64"]
[EventDate "2002.10.16"]
[EventType "tourn"]
[EventRounds "9"]
[EventCountry "CAN"]

1. d4 d6 2. g3 g6 3. Bg2 Bg7 4. Nf3 Nf6 5. O-O O-O 6. c4 c6 7. Nc3 Nbd7 8. e4
e5 9. Re1 a6 10. h3 Re8 11. Be3 exd4 12. Nxd4 Ne5 13. b3 c5 14. Nc2 Be6 15. Nd5
Bxd5 16. cxd5 b5 17. f4 Ned7 18. Bf2 Rc8 19. Rc1 Nb6 20. Qd2 Nfd7 21. Kh2 Qf6
22. Re2 Qb2 23. Ne1 Qxd2 24. Rxd2 Nf6 25. e5 dxe5 26. fxe5 Bh6 27. Rdd1 Bxc1
28. exf6 Be3 29. Bxe3 Rxe3 30. d6 Rd8 31. Bb7 Re6 32. Bxa6 b4 0-1

[Event "Autumn Knights"]
[Site "Montreal CAN"]
[Date "2002.11.20"]
[Round "6"]
[White "Kleinplatz, Sam"]
[Black "Roussel-Roozmon, Thomas"]
[Result "1-0"]
[WhiteElo "2316"]
[BlackElo "2233"]
[PlyCount "89"]
[EventDate "2002.10.16"]
[EventType "tourn"]
[EventRounds "9"]
[EventCountry "CAN"]

1. c4 b6 2. e4 Bb7 3. Nc3 e5 4. Nf3 Nc6 5. d4 exd4 6. Nxd4 Bb4 7. Nf5 Bxc3+ 8.
bxc3 Qf6 9. Be2 Nce7 10. Ng3 Qxc3+ 11. Bd2 Qd4 12. O-O Nf6 13. Bf3 O-O 14. e5
Bxf3 15. Qxf3 Ng4 16. Bc3 Qxc4 17. Rfe1 Qe6 18. Ne4 Nxe5 19. Qg3 d6 20. f4 f6
21. fxe5 fxe5 22. Ng5 Qg6 23. Bd2 Nf5 24. Qb3+ Kh8 25. Rac1 Nd4 26. Qh3 c5 27.
Be3 Rf5 28. Bxd4 Qxg5 29. Be3 Qf6 30. Qg4 d5 31. h4 e4 32. Rcd1 Qe5 33. Bf2 Re8
34. Bg3 Qe6 35. Qe2 d4 36. Kh2 e3 37. Qg4 Qe4 38. Rxe3 Qxe3 39. Qxf5 Qe4 40.
Re1 Qc6 41. Qf7 Rg8 42. Re6 Qc8 43. Be5 Qf8 44. Qh5 Qf2 45. Bxg7+ 1-0

[Event "Autumn Knights"]
[Site "Montreal CAN"]
[Date "2002.11.27"]
[Round "7"]
[White "Roussel-Roozmon, Thomas"]
[Black "Duong, Thanh Nha"]
[Result "1/2-1/2"]
[WhiteElo "2233"]
[BlackElo "2294"]
[PlyCount "141"]
[EventDate "2002.10.16"]
[EventType "tourn"]
[EventRounds "9"]
[EventCountry "CAN"]

1. d4 Nf6 2. Nf3 c5 3. d5 g6 4. Nc3 d6 5. e4 Bg7 6. Be2 O-O 7. O-O a6 8. a4 e5
9. dxe6 Bxe6 10. Bg5 Qc7 11. Qd2 Nc6 12. Rad1 Rad8 13. Qf4 Qe7 14. Qh4 Ne5 15.
Nd2 Ned7 16. f4 h6 17. Bxh6 Bxh6 18. Qxh6 Bg4 19. Rde1 Rfe8 20. Bc4 Be6 21.
Bxe6 Qxe6 22. f5 gxf5 23. Qg5+ Kh8 24. Qh4+ Nh7 25. exf5 Qf6 26. Qxf6+ Ndxf6
27. Nce4 b6 28. h3 Nxe4 29. Nxe4 Kg7 30. Kf2 d5 31. Nd2 Kf6 32. g4 Ng5 33. Kg3
Ne4+ 34. Nxe4+ dxe4 35. Kf4 Rd4 36. Re3 Rd2 37. g5+ Kg7 38. Rxe4 Rxe4+ 39. Kxe4
Rxc2 40. b3 c4 41. Rf3 a5 42. Kf4 f6 43. h4 cxb3 44. Rxb3 Rc4+ 45. Kg3 Rb4 46.
Rc3 Rxa4 47. g6 b5 48. Rc7+ Kg8 49. Rb7 Rb4 50. h5 Rb3+ 51. Kf4 Rb4+ 52. Kf3
Rh4 53. Rxb5 a4 54. Rb8+ Kg7 55. Rb7+ Kg8 56. Rf7 a3 57. Rxf6 Ra4 58. h6 Ra8
59. Rc6 a2 60. Rc1 a1=Q 61. Rxa1 Rxa1 62. Kf4 Rg1 63. h7+ Kh8 64. Ke5 Re1+ 65.
Kf6 Ra1 66. Kg5 Rg1+ 67. Kf6 Rf1 68. Ke5 Kg7 69. f6+ Kh8 70. Ke6 Ra1 71. Kf5
1/2-1/2

[Event "Autumn Knights"]
[Site "Montreal CAN"]
[Date "2002.12.04"]
[Round "8"]
[White "Ibrahim, Anthony"]
[Black "Roussel-Roozmon, Thomas"]
[Result "1-0"]
[WhiteElo "2162"]
[BlackElo "2233"]
[PlyCount "47"]
[EventDate "2002.10.16"]
[EventType "tourn"]
[EventRounds "9"]
[EventCountry "CAN"]

1. e4 e5 2. Nf3 Nf6 3. Nxe5 d6 4. Nf3 Nxe4 5. Nc3 Nf6 6. d4 Be7 7. Bf4 Nbd7 8.
Qd2 Nf8 9. O-O-O Ng6 10. Bd3 Bg4 11. Rde1 Bxf3 12. gxf3 Qd7 13. h4 O-O-O 14. d5
Nh5 15. Be3 a6 16. Bf1 Rde8 17. Qd4 Kd8 18. Qa7 Qc8 19. Ne2 Nxh4 20. Nd4 g6 21.
Nc6+ bxc6 22. Bxa6 c5 23. Bxc8 Kxc8 24. Rxh4 1-0

[Event "Autumn Knights"]
[Site "Montreal CAN"]
[Date "2002.12.11"]
[Round "9"]
[White "Roussel-Roozmon, Thomas"]
[Black "Tomb, Maroun"]
[Result "1/2-1/2"]
[WhiteElo "2162"]
[BlackElo "2110"]
[PlyCount "94"]
[EventDate "2002.10.16"]
[EventType "tourn"]
[EventRounds "9"]
[EventCountry "CAN"]

1. d4 c5 2. d5 e5 3. e4 d6 4. Nc3 Be7 5. Nf3 Bg4 6. Be2 Bxf3 7. Bxf3 Bg5 8. g3
Bxc1 9. Qxc1 Ne7 10. Bg2 Nd7 11. O-O O-O 12. Qd2 a6 13. a4 Qa5 14. Bh3 Nf6 15.
Qd3 Qb4 16. a5 Qd4 17. Ra4 Qxd3 18. cxd3 g5 19. Raa1 Kg7 20. Na4 g4 21. Bg2 Nd7
22. f4 Nc8 23. h3 h5 24. hxg4 hxg4 25. Rac1 Na7 26. b4 cxb4 27. Rc7 Rad8 28.
Rxb7 Nb5 29. Kf2 b3 30. Ke3 Rh8 31. Rf2 Rh2 32. Nb2 Nc5 33. Rb6 f6 34. Nc4 Rd7
35. fxe5 fxe5 36. Nb2 Nd4 37. Nc4 Nb5 38. Nb2 Rf7 39. Rd2 Na3 40. Rf2 Nc2+ 41.
Ke2 Nd4+ 42. Kf1 Rh6 43. Rxf7+ Kxf7 44. Kf2 Ke7 45. Rb8 Rf6+ 46. Ke3 Nc2+ 47.
Ke2 Nd4+ 1/2-1/2

[Event "Cap d'Agde op"]
[Site "Cap d'Agde FRA"]
[Date "2002.10.24"]
[Round "2"]
[White "Roussel-Roozmon, Thomas"]
[Black "Bezgodov, Alexei"]
[Result "0-1"]
[WhiteElo "2233"]
[BlackElo "2536"]
[PlyCount "48"]
[EventDate "2002.10.??"]
[EventType "swiss"]
[EventRounds "9"]
[EventCountry "FRA"]

1. d4 d5 2. c4 c6 3. Nf3 Nf6 4. Nc3 a6 5. cxd5 cxd5 6. Bf4 Nc6 7. a3 Nh5 8. Bg3
e6 9. e3 Be7 10. Bd3 g6 11. Rc1 O-O 12. Na4 Bf6 13. O-O Nxg3 14. hxg3 e5 15.
dxe5 Nxe5 16. Nxe5 Bxe5 17. Be2 b5 18. Nc3 d4 19. exd4 Bxd4 20. Bg4 h5 21. Bxc8
Rxc8 22. Qb3 h4 23. gxh4 Qxh4 24. Rcd1 Be5 0-1

[Event "Cap d'Agde op"]
[Site "Cap d'Agde FRA"]
[Date "2002.10.27"]
[Round "6"]
[White "Roussel-Roozmon, Thomas"]
[Black "Dunis, Aurelien"]
[Result "1-0"]
[WhiteElo "2233"]
[BlackElo "2399"]
[PlyCount "79"]
[EventDate "2002.10.??"]
[EventType "swiss"]
[EventRounds "9"]
[EventCountry "FRA"]

1. d4 Nf6 2. Nf3 b6 3. g3 Bb7 4. Bg2 d6 5. O-O Nbd7 6. c4 e5 7. Nc3 Be7 8. b3
O-O 9. Bb2 Re8 10. Qc2 Bf8 11. Rad1 c6 12. dxe5 dxe5 13. Ne4 Nxe4 14. Qxe4 Qc7
15. Qf5 Bc8 16. Ng5 Nf6 17. Qc2 g6 18. Ne4 Nxe4 19. Qxe4 Bb7 20. g4 Re6 21. Rd3
Rd8 22. Rfd1 Rxd3 23. Rxd3 Bc8 24. g5 Bg7 25. h4 h6 26. Rd2 hxg5 27. hxg5 Bf8
28. Bc3 Qe7 29. Qe3 Qe8 30. Rd3 Bc5 31. Qd2 Qf8 32. Bh3 e4 33. Rd4 e3 34. fxe3
Rd6 35. Rxd6 Bxh3 36. Rd8 Bxe3+ 37. Qxe3 Qxd8 38. Qxh3 Qxg5+ 39. Kf2 Qf4+ 40.
Qf3 1-0

[Event "CMA Futurity-2"]
[Site "Toronto CAN"]
[Date "2002.08.12"]
[Round "1"]
[White "Lawson, Eric"]
[Black "Roussel-Roozmon, Thomas"]
[Result "1-0"]
[WhiteElo "2253"]
[BlackElo "2218"]
[PlyCount "83"]
[EventDate "2002.08.12"]
[EventType "tourn"]
[EventRounds "9"]
[EventCountry "CAN"]
[EventCategory "6"]
[Source "Mark Crowther"]
[SourceDate "2002.08.19"]

1. b3 b6 2. Bb2 Bb7 3. e3 e6 4. f4 c5 5. Nf3 Nf6 6. a4 Nc6 7. Na3 d5 8. Bb5 a6
9. Bxc6+ Bxc6 10. Ne5 Bb7 11. O-O Bd6 12. d3 O-O 13. Rf3 d4 14. Rg3 g6 15. Nac4
b5 16. Nxd6 Qxd6 17. e4 Kh8 18. axb5 axb5 19. Rxa8 Bxa8 20. Qa1 Qc7 21. b4 Nh5
22. bxc5 Nxg3 23. hxg3 h5 24. Bxd4 Kh7 25. Nf3 Bb7 26. Ng5+ Kg8 27. Bh8 Qxc5+
28. Kh2 e5 29. Bxe5 h4 30. gxh4 Qf2 31. Nf3 Qxc2 32. Qd4 Qc6 33. Bg7 Rc8 34.
Bh8 Kf8 35. Qg7+ Ke7 36. Ng5 Rf8 37. Qe5+ Kd7 38. Nh7 Rd8 39. Ng5 Re8 40. Nxf7
Re7 41. Qd4+ Kc8 42. Nd6+ 1-0

[Event "CMA Futurity-2"]
[Site "Toronto CAN"]
[Date "2002.08.13"]
[Round "2"]
[White "Roussel-Roozmon, Thomas"]
[Black "Wang, Hao Yuan"]
[Result "0-1"]
[WhiteElo "2218"]
[BlackElo "2222"]
[PlyCount "98"]
[EventDate "2002.08.12"]
[EventType "tourn"]
[EventRounds "9"]
[EventCountry "CAN"]
[EventCategory "6"]
[Source "Mark Crowther"]
[SourceDate "2002.08.19"]

1. d4 Nf6 2. c4 e6 3. Nc3 Bb4 4. Qc2 O-O 5. a3 Bxc3+ 6. Qxc3 d6 7. Bg5 Nbd7 8.
f3 h6 9. Bh4 Qe8 10. e4 Nh5 11. O-O-O e5 12. d5 Nc5 13. Bf2 Na4 14. Qd2 b6 15.
Ne2 Kh7 16. g4 Nf6 17. Ng3 Ng8 18. g5 g6 19. gxh6 a5 20. b3 Nc5 21. Kb2 Bd7 22.
h4 f6 23. Bh3 Bxh3 24. Rxh3 Qd7 25. Rh2 Rfb8 26. a4 Rf8 27. Rg1 Ne7 28. Rhg2
Rg8 29. Ka3 c6 30. dxc6 Nxc6 31. h5 g5 32. Nf5 Nb7 33. Bxb6 Ne7 34. Nxe7 Qxe7
35. Qd5 Kxh6 36. Rd1 Rab8 37. Ba7 Ra8 38. Bb6 Rab8 39. Ba7 Ra8 40. Be3 Rab8 41.
Rgd2 Rg7 42. Bb6 Rc8 43. Qb5 d5+ 44. Ka2 dxc4 45. Rd7 cxb3+ 46. Kb2 Rc2+ 47.
Kxb3 Rc5 48. Qd3 Qe6+ 49. Ka3 Rxd7 0-1